Catálogo
Digital

Catálogo
Digital

Perspectivas transdisciplinarias sobre la comunicación estratégica digital (Record no. 13605)

MARC details
000 -CABECERA
campo de control de longitud fija 01610nam a2200313 4500
003 - IDENTIFICADOR DEL NÚMERO DE CONTROL
campo de control EC-UNACH
005 - FECHA Y HORA DE LA ÚLTIMA TRANSACCIÓN
campo de control 20260212170933.0
006 - CÓDIGOS DE INFORMACIÓN DE LONGITUD FIJA--CARACTERÍSTICAS DEL MATERIAL ADICIONAL
campo de control de longitud fija s||||gr|||| 00| 00
008 - DATOS DE LONGITUD FIJA--INFORMACIÓN GENERAL
campo de control de longitud fija 150116t9999 mx r gr 000 0 spa d
020 ## - NÚMERO INTERNACIONAL ESTÁNDAR DEL LIBRO
Número Internacional Estándar del Libro 9786071517906
040 ## - FUENTE DE LA CATALOGACIÓN
Centro catalogador/agencia de origen EC-UNACH
Centro/agencia transcriptor EC-UNACH
041 ## - CÓDIGO DE LENGUA
Código de lengua del texto/banda sonora o título independiente spa
082 04 - NÚMERO DE LA CLASIFICACIÓN DECIMAL DEWEY
Número de edición 23
Número de clasificación 302.2
Número de documento/Ítem L017811
100 ## - ENTRADA PRINCIPAL--NOMBRE DE PERSONA
Nombre de persona De Santis, Andrea / Torres-Toukoumidis Ángel
245 ## - MENCIÓN DE TÍTULO
Título Perspectivas transdisciplinarias sobre la comunicación estratégica digital
250 ## - MENCIÓN DE EDICIÓN
Mención de edición Primera edición
264 ## - Producción, publicación, distribución, fabricación y copyright
Lugar de producción, publicación, distribución, fabricación México
Nombre del de productor, editor, distribuidor, fabricante McGraw Hill
Fecha de de producción, publicación, distribución, fabricación o copyright 2022
300 ## - DESCRIPCIÓN FÍSICA
Extensión 102 páginas
Otras características físicas Tablas, figuras
Dimensiones 16 X 23 cm
505 ## - NOTA DE CONTENIDO CON FORMATO
Nota de contenido con formato Uso estratégico de la planificación para campañas publicitarias. -- La publicidad y la pandemia de covid-19 en Brasil: estética del aislamiento. -- Comunicación estratégica de la investigación. Hacia la definición de un nuevo modelo. -- Educación de las audiencias y desinformación en las redes sociales. -- Cultura, tecnología y comunicación. Una aproximación con actitud copyleft. -- Canales digitales para la difusión de políticas públicas sanitarias. -- Participación ciudadana en la construcción de la democracia participativa. Apuntes sobre el escenario latinoamericano. -- Sistemas de comunicación en la gestión operativas de la crisis.
650 ## - PUNTO DE ACCESO ADICIONAL DE MATERIA--TÉRMINO DE MATERIA
Término de materia o nombre geográfico como elemento inicial REDES SOCIALES
650 ## - PUNTO DE ACCESO ADICIONAL DE MATERIA--TÉRMINO DE MATERIA
Término de materia o nombre geográfico como elemento inicial CAMPAÑAS PUBLICITARIAS
650 ## - PUNTO DE ACCESO ADICIONAL DE MATERIA--TÉRMINO DE MATERIA
Término de materia o nombre geográfico como elemento inicial DESINFORMACIÓN
650 ## - PUNTO DE ACCESO ADICIONAL DE MATERIA--TÉRMINO DE MATERIA
Término de materia o nombre geográfico como elemento inicial ACTITUD COPYLEFT
942 ## - ELEMENTOS DE PUNTO DE ACCESO ADICIONAL (KOHA)
Fuente del sistema de clasificación o colocación Clasificación Decimal Dewey
Tipo de ítem Koha Libros
999 ## - NÚMEROS DE CONTROL DE SISTEMA (KOHA)
Koha biblionumber 13605
Holdings
Estado de pérdida Fuente del sistema de clasificación o colocación Estado dañado No para préstamo Localización permanente Ubicación/localización actual Ubicación en estantería Fecha de adquisición Fuente de adquisición Número de inventario Total de préstamos Signatura topográfica completa Código de barras Fecha visto por última vez Número de copia Precio válido a partir de Tipo de ítem Koha Centro de costos
  Clasificación Decimal Dewey     Biblioteca Campus Norte Biblioteca Campus Norte Comunicación 06/06/2025 Donación de UPS 39897978   302.23 UNI L017811 L017811 06/06/2025 Ej: 01 06/06/2025 Libros  
  Clasificación Decimal Dewey     Biblioteca Campus Norte Biblioteca Campus Norte Comunicación 06/06/2025 Donación de UPS 39897979   302.23 UNI L017812 L017812 06/06/2025 Ej: 02 06/06/2025 Libros  
  Clasificación Decimal Dewey     Biblioteca Campus Norte Biblioteca Campus Norte Comunicación 06/06/2025 Donación de UPS 39897980   302.23 UNI L017813 L017813 06/06/2025 Ej: 03 06/06/2025 Libros  

Powered by Koha